Оскарження рішень, дій чи бездіяльності під час досудового розслідування як окремий вид провадження (Запис № 458667)

МАРК-запис
000 -Лідер
fixed length control field 02669nam a22002537a 4500
003 - Ідентифікатор контрольного номера
control field UA-OsUOA
005 - Дата та час останнього входження (трансакції)
control field 20201105171025.0
008 - Елементи даних фіксованої довжини – загальна інформація
fixed length control field 200401b un ||||| m||| 00| 0 ukr d
040 ## - Джерело каталогізації
Агенція оригінальної каталогізації UA-OsUOA
Мова каталогізації ukr
Агенція, яка здійснювала перезапис UA-OsUOA
Агенція, яка здійснювала модифікацію UA-OsUOA
041 ## - Код мови
Код мови тексту/ звукової доріжки чи окремого заголовка (П) ukr
080 ## - Індекс Універсальної десяткової класифікації
Індекс Універсальної десяткової класифікації (УДК) (НП) 343.13
090 ## - Локальний шифр розміщення
Класифікаційний індекс УДК 343.13
095 ## - Код спеціальності для авторефератів
Код спеціальності 12.00.09
Назва спеціальності кримінальний процес та криміналістика; судова експертиза; оперативно-розшукова діяльність
100 ## - Основне введення – ім’я особи
Ім’я особи (НП) Клепка Д. І.
245 ## - Відомості про назву
Назва (НП) Оскарження рішень, дій чи бездіяльності під час досудового розслідування як окремий вид провадження
Дані про відповідальність (НП) Клепка Дар'я Ігорівна ; наук. керівник Трофименко Володимир Михайлович
260 ## - Публікація, розповсюдження і т.п. (Вихідні дані)
Місце публікації, розповсюдження і т.п. (П) Харків
Дата публікації, розповсюдження і т.п. (П) 2017
300 ## - Фізичний опис
Обсяг 20 с.
502 ## - Примітка про дисертацію
Зв'язок Автореферат дисертації на здобуття наукового ступеня кандидата юридичних наук<br/>
Наймення інституції, що представляється Національного юридичного університету імені Ярослава Мудрого
Рік отримання вченого ступеня 2017
520 ## - Резюме і т.п.
Резюме, реферат, анотація, тощо (НП) У роботі з’ясовано сутність оскарження рішень, дій чи бездіяльності під час досудового розслідування як окремого виду провадження. Досліджено такі складові інституту оскарження як: оскарження рішень, дій чи бездіяльності слідчого, прокурора; оскарження ухвал слідчого судді; оскарження слідчим рішень, дій чи бездіяльності прокурора. <br/>Сформульовано низку пропозицій, спрямованих на вдосконалення чинного кримінального процесуального законодавства в сфері регулювання оскарження рішень, дій чи бездіяльності під час досудового розслідування, з метою захисту прав та законних інтересів осіб, залучених до орбіти кримінального судочинства.
650 ## - Додаткове предметне введення – тематичний термін
Джерело заголовка чи терміна UDC
Тематичний термін чи географічна назва, як елемент введення (НП) 343 Кримінальне право. Карні порушення
942 ## - Додаткові елементи входу (Коха)
Source of classification or shelving scheme Universal Decimal Classification
Тип елемента Koha Автореферат
955 ## - Код типу видання за змістом
Код типу видання за змістом (НП) Наукові видання

Немає доступних примірників.